Statistiques concernant Quiz de la coupe du monde 2018!

Cliquez ici pour prendre le quiz!

Statistiques générales

  • Ce quiz a été pris 257 fois
    (136 depuis la dernière actualisation)
  • Le résultat moyen est 8 sur 12

Statistiques - réponses

QuestionRéponse% Correct
Meilleur buteur des bleusMbappé
99%
Meilleur jeune joueurMbappé
99%
Meilleur joueurModric
91%
Plus beau but de la coupe du mondePavard
89%
Seul joueur de champ français à ne pas avoir jouéRami
84%
Meilleur gardienCourtois
81%
Meilleur buteur de la compétitionKane
76%
C'est la ... victoire en coupe du monde des bleusDeuxième
70%
Quel joueur Espagnol célebre a terminé sa carrière internationale?Iniesta
58%
Buts marqués169
21%
Chanson connue pour célebrer la victoire de la FranceRamener La Coupe a la Maison
21%
Plus large victoire pour le pays d'accueilRussie-Arabie Saoudite
8%

Distribution des résultats

Percentile par nombre de réponses

% des personnes avec chaque résultat

Votre développement - résultats

Vous n’avez pas pris ce quiz depuis la dernière actualisation